| 000 | 00688cam a2200181 i 4500 | ||
|---|---|---|---|
| 005 | 20260115120920.0 | ||
| 008 | 250721s2007 sy gr 000 0 ara d | ||
| 082 | 1 | 4 |
_a320.540956 _bر ب ي |
| 100 | 1 |
_aالربيعي، فاضل _eمؤلف. |
|
| 245 | 1 | 0 |
_aكبش المحرقة : _bنموذج لمجتمع القوميين العرب / _cفاضل الربيعي. |
| 250 | _aالطبعة الثانية. | ||
| 264 | 3 | 1 |
_aدمشق : _bدار الفرقد للطباعة و النشر و التوزيع، _c2007. |
| 300 | _a320 صفحة. | ||
| 650 | 1 | 7 | _aالقوميه العربيه. |
| 650 | 1 | 7 | _aالادله العربيه. |
| 942 |
_2ddc _cBK |
||
| 999 |
_c110907 _d110907 |
||